[Event "ch-Central Serbia Int Open B"]
[Site "Paracin SRB"]
[Date "2011.07.09"]
[Round "2.18"]
[White "Brcar,Matej"]
[Black "Stojanovic,Vladi2"]
[Result "1/2-1/2"]
[WhiteElo "1576"]
[BlackElo "1938"]

1.e4 d6 2.d4 Nf6 3.Nc3 e5 4.Nf3 Nbd7 5.Bc4 Be7 6.O-O O-O 7.Re1 c6 8.a4 b6
9.d5 Bb7 10.dxc6 Bxc6 11.b3 a6 12.Ba3 Qc7 13.Qd3 Bb7 14.Rad1 Nc5 15.Bxc5 Qxc5
16.Rd2 h6 17.Bd5 Bxd5 18.Nxd5 Nxd5 19.Qxd5 Qxd5 20.Rxd5 g6 21.Nd2 Rac8 22.Nc4 Rc6
23.Red1 Rb8 24.R1d2 Rbc8 25.g3 Rxc4 26.bxc4 Rxc4 27.a5 b5 28.Rxd6 Bxd6 29.Rxd6 Rxc2
30.Rxa6 Ra2 31.Ra8+ Kg7 32.a6 b4 33.Rb8 Rxa6  1/2-1/2

[Event "ch-Central Serbia Int Open A"]
[Site "Paracin SRB"]
[Date "2011.07.09"]
[Round "3.3"]
[White "Radlovacki,J"]
[Black "Pikula,D"]
[Result "1-0"]
[WhiteElo "2417"]
[BlackElo "2532"]

1.e4 d6 2.d4 Nf6 3.Nc3 e5 4.Nf3 Nbd7 5.Bc4 Be7 6.O-O O-O 7.a4 c6 8.Re1 h6
9.Ba2 b6 10.h3 a6 11.d5 c5 12.Bc4 Kh7 13.Qd3 g6 14.Ne2 Ng8 15.g4 Kg7 16.Ng3 Bg5
17.Bxg5 hxg5 18.Qe3 f6 19.Kg2 Nh6 20.Rh1 Rh8 21.Bd3 Ra7 22.Nd2 Nf7 23.Rh2 Nf8
24.Nc4 Qc7 25.Rah1 Bd7 26.a5 b5 27.Nb6 Rh4 28.Nf1 Nh6 29.Nd2 Bxg4 30.hxg4 Nxg4
31.Qg3 Nxh2 32.Rxh2 Rxh2+ 33.Qxh2 c4 34.Be2 c3 35.bxc3 Qxc3 36.Nf1 Qxc2 37.Ng3 Rc7
38.Qh3 Qc3 39.Na8 Rc5 40.Nb6 Rc7 41.Na8 Qxa5 42.Nxc7 Qxc7 43.Nf1 Qc2 44.Bd3 Qc3
45.Ne3 Qc7 46.Ng4 Qe7 47.Be2 Kg8 48.Qa3 Nd7 49.Qxa6 Nc5 50.Qxb5 Nxe4 51.Bd3 Nc5
52.Bxg6 Kg7 53.Bf5 e4 54.Qb1 Nd3 55.Qh1 Nf4+ 56.Kf1 Kg8 57.Qxe4 Qa7 58.Kg1 Kg7
59.Kh2 Qf7 60.Ne3 Qh5+ 61.Kg1 Kf8 62.Bg4 Qf7 63.Qf5 Kg7 64.Qc8 Nxd5 65.Nf5+ Kh7
66.Nxd6  1-0

[Event "ch-BEL"]
[Site "Antwerp BEL"]
[Date "2011.07.10"]
[Round "9.5"]
[White "Beukema,S"]
[Black "Vandenbussche,T"]
[Result "0-1"]
[WhiteElo "2209"]
[BlackElo "2348"]

1.e4 d6 2.d4 Nf6 3.Nc3 Nbd7 4.Nf3 e5 5.Bc4 Be7 6.O-O O-O 7.Re1 c6 8.a4 a5
9.b3 Nb6 10.dxe5 Nxc4 11.exf6 Bxf6 12.Qd3 Ne5 13.Nxe5 dxe5 14.Qg3 Re8 15.Rd1 Qc7
16.Bb2 h5 17.h3 Be6 18.Nb1 b5 19.Nd2 h4 20.Qe3 Red8 21.Qc5 Qb8 22.Nf3 Rxd1+
23.Rxd1 bxa4 24.Bxe5 Bxe5 25.Nxe5 Qb5 26.Qxb5 cxb5 27.bxa4 bxa4 28.Ra1 f6
29.Nd3 Bd7 30.Nc5 Bc6 31.f3 Kf7 32.Nxa4 Ke6 33.Kf2 Bxa4 34.Rxa4 Kd6 35.c4 Kc5
36.Ke3 g5 37.Kd3 Kb6 38.Kc3 f5 39.Ra2 fxe4 40.fxe4 a4 41.Kb4 Rf8 42.Re2 a3
43.e5 Ra8 44.Kb3 Kc5 45.Rd2 Rb8+ 46.Kc3 Ra8 47.Ra2 Ra4 48.Kd3 Kb4 49.e6 Ra6
50.e7 Rd6+ 51.Ke4 Re6+ 52.Kd5 Rxe7 53.c5 Kb3 54.Ra1 Kb2 55.Kd6 Re2 56.Rg1 Rd2+
57.Kc7 a2 58.c6 a1=Q 59.Rxa1 Kxa1 60.Kb7 Rb2+ 61.Ka7 Rxg2 62.c7 Rc2 63.Kb7 g4
64.hxg4 h3 65.g5 h2 66.g6 h1=Q+ 67.Ka6 Qc6+ 68.Ka5 Rb2 69.c8=Q Qb5+  0-1

[Event "XXXIV Open"]
[Site "Barbera del Valles ESP"]
[Date "2011.07.10"]
[Round "7"]
[White "Losada Carrera,F"]
[Black "Amores Gago,Javier"]
[Result "0-1"]
[WhiteElo "2231"]
[BlackElo "2041"]

1.e4 d6 2.d4 Nf6 3.Nc3 e5 4.dxe5 dxe5 5.Qxd8+ Kxd8 6.Bg5 c6 7.O-O-O+ Kc7
8.f4 h6 9.Bxf6 gxf6 10.Bc4 Be6 11.Bxe6 fxe6 12.fxe5 fxe5 13.Nf3 Nd7 14.Rhf1 Be7
15.Rd2 Rad8 16.Rfd1 b5 17.Ne2 h5 18.c3 a5 19.Kc2 Rhg8 20.Ng3 h4 21.Nf1 Nc5
22.Re2 Rxd1 23.Kxd1 Nd3 24.Rd2 Nf4 25.Nxe5 Bd6 26.Nf3 Nxg2 27.Nd4 e5 28.Nf5 Bc5
29.Ke2 Nf4+ 30.Kf3 Nh3 31.N1e3 Ng5+ 32.Ke2 Nxe4 33.Rd1 Rf8 34.Rg1 Bxe3 35.Kxe3 Rxf5
36.Kxe4 Rf2 37.Kxe5 Rxb2 38.h3 Rh2 39.a4 bxa4 40.Rg4 Rxh3 41.Rxa4 Kb6 42.Rg4 Kb5
43.Kd6 Rd3+ 44.Kc7 h3 45.c4+ Kc5 46.Rg5+ Kxc4 47.Rxa5 Kb4 48.Kb6 Ra3 49.Rh5 c5  0-1

[Event "2nd Borloy Mem FSGM"]
[Site "Budapest HUN"]
[Date "2011.07.10"]
[Round "8.2"]
[White "Gavrilov,Al1"]
[Black "Lorscheid,G"]
[Result "1-0"]
[WhiteElo "2481"]
[BlackElo "2265"]

1.e4 d6 2.d4 Nf6 3.Nc3 e5 4.Nf3 Nbd7 5.Bc4 Be7 6.O-O O-O 7.Re1 c6 8.a4 b6
9.Bg5 a6 10.Ba2 Rb8 11.h3 Qc7 12.Qd3 Kh8 13.Ne2 d5 14.Ng3 Bb4 15.c3 dxe4
16.Nxe4 Nxe4 17.Qxe4 Bd6 18.dxe5 Nxe5 19.Nxe5 Bxe5 20.Qxe5 Qxe5 21.Rxe5 f6
22.Bxf6 gxf6 23.Re7 Bf5 24.Bb1 Bxb1 25.Rxb1 Rbe8 26.Rbe1 Rxe7 27.Rxe7 Rd8
28.Re6 Rd1+ 29.Kh2 Rd2 30.Rxf6 Rxb2 31.Rxc6 Rxf2 32.Rxb6 Rf5 33.Rxa6 Rc5
34.Rf6  1-0

[Event "38th ch-IND w Challengers"]
[Site "Chennai IND"]
[Date "2011.07.10"]
[Round "11"]
[White "Michelle Catherina,P"]
[Black "Bhakti,K"]
[Result "1/2-1/2"]
[WhiteElo "2052"]
[BlackElo "2317"]

1.e4 d6 2.d4 Nf6 3.Nc3 e5 4.Nf3 Nbd7 5.dxe5 dxe5 6.Bc4 Bb4 7.O-O O-O 8.Qe2 c6
9.Bg5 Qc7 10.a4 b6 11.Rad1 a6 12.Na2 Be7 13.b4 b5 14.axb5 cxb5 15.Bd5 Nxd5
16.exd5 Bd6 17.Rc1 Nb6 18.c4 bxc4 19.Nd2 f6 20.Be3 Nxd5 21.Rxc4 Qe7 22.Ne4 Nxe3
23.fxe3 Bb7 24.Nxd6 Qxd6 25.Rd1 Qe7 26.Nc3 Rfd8 27.Rc1 Rd7 28.Na4 Rad8 29.R1c2 Rd1+
30.Kf2 Qd7 31.Nc5 Qf5+ 32.Kg3 Bc6 33.Ne6 Qxe6 34.Rxc6 Qb3 35.Qc4+ Qxc4 36.R2xc4 R1d6
37.h4 Kf7 38.h5 Ke6 39.Rc7 R8d7 40.Kf3 f5 41.Rxd7 Kxd7 42.g4 Ke6 43.gxf5+ Kxf5
44.Rc7 Rh6 45.Rxg7 e4+ 46.Kg3 Rxh5 47.Rf7+ Ke5 48.Re7+ Kd5 49.Rd7+ Ke5 50.Re7+ Kf5
51.Rf7+ Ke5  1/2-1/2

[Event "19th Klatovy Open"]
[Site "Klatovy CZE"]
[Date "2011.07.10"]
[Round "9"]
[White "Svoboda,V2"]
[Black "Hausner,I"]
[Result "1/2-1/2"]
[WhiteElo "2286"]
[BlackElo "2419"]

1.e4 d6 2.d4 Nf6 3.Nc3 c6 4.f4 Qa5 5.Bd2 Qb6 6.Nf3 Bg4 7.Na4 Qc7 8.Bd3 e5
9.dxe5 dxe5 10.fxe5 Nfd7 11.Bf4 Bxf3 12.Qxf3 Nxe5 13.Bxe5 Qxe5 14.Bc4 f6
15.O-O-O Nd7 16.Bf7+ Kxf7 17.Rxd7+ Kg6 18.Rxb7 Bd6 19.Qf5+  1/2-1/2

[Event "Oberwart Open"]
[Site "Oberwart AUT"]
[Date "2011.07.10"]
[Round "2.12"]
[White "Loidl,F"]
[Black "Nemeth,Mi1"]
[Result "1/2-1/2"]
[WhiteElo "2174"]
[BlackElo "2433"]

1.e4 d6 2.d4 Nf6 3.Nc3 Nbd7 4.Nf3 e5 5.Bc4 Be7 6.O-O O-O 7.Re1 c6 8.a4 h6
9.a5 Re8 10.d5 Nf8 11.Bf1 a6 12.Nd2 cxd5 13.exd5 Bg4 14.f3 Bh5 15.Nc4 N6d7
16.Ne4 Qc7 17.g4 Bg6 18.b3 Rad8 19.Ba3 Nf6 20.Ng3 h5 21.h3 hxg4 22.hxg4 N6h7
23.Nf5 Bxf5 24.gxf5 Bg5 25.Bh3 Nf6 26.Bg4 N8h7 27.Kg2 e4 28.fxe4 Nxe4 29.Bf3 Nef6
30.Rxe8+ Nxe8 31.Qd3 Bh6 32.Re1 Ng5 33.Bb2 Nh7 34.Qe2 Nef6 35.Qd3 Nd7  1/2-1/2

[Event "86th ch-Paris IdF"]
[Site "Paris FRA"]
[Date "2011.07.10"]
[Round "9.11"]
[White "Bajarani,U"]
[Black "Bissieres,M"]
[Result "1/2-1/2"]
[WhiteElo "2424"]
[BlackElo "2352"]

1.d4 d6 2.e4 Nf6 3.Nc3 e5 4.dxe5 dxe5 5.Qxd8+ Kxd8 6.Bg5 Be6 7.O-O-O+ Nd7
8.f4 exf4 9.Nf3 h6 10.Bxf4 Bc5 11.h3 c6 12.Bh2 Ke7 13.Bd3 Rhe8 14.Na4 Be3+
15.Kb1 a6 16.Rhe1 Ba7 17.Nc3 Nc5 18.Bf1 Rad8 19.Rxd8 Rxd8 20.Bg1 Bb6 21.Nd4 Ncd7
22.Nxe6 fxe6 23.Bxb6 Nxb6 24.e5 Nfd7 25.Ne4 Nc8 26.Kc1 Rf8 27.Be2 Rf5 28.Bd3 Rxe5
29.Rf1 c5 30.Nd2 Nf6 31.Nf3 Rd5 32.Bc4 Rd6 33.Ne5 Nb6 34.Be2 Nbd7 35.Nc4 Rc6
36.Na5 Rc7 37.Bf3 b6 38.Nc6+ Kd6 39.Rd1+ Nd5 40.Nd8 Nf6 41.c4 Rd7 42.Nxe6 Kxe6
43.cxd5+ Kd6  1/2-1/2

[Event "Lev Polugaevsky Mem"]
[Site "Samara RUS"]
[Date "2011.07.10"]
[Round "6"]
[White "Elistratov,Semen"]
[Black "Kalashnikova,El"]
[Result "1-0"]
[WhiteElo "1907"]
[BlackElo "1635"]

1.e4 c6 2.d4 d6 3.Nc3 Nf6 4.f4 Qa5 5.Bd3 e5 6.Nf3 exd4 7.Nxd4 Nbd7 8.Be3 d5
9.e5 Ne4 10.Bxe4 dxe4 11.Nb3 Qd8 12.Nxe4 Be7 13.O-O O-O 14.Qf3 Nb6 15.f5 Nc4
16.f6 Nxe3 17.Qxe3 Qb6 18.Qxb6 axb6 19.fxe7 Re8 20.Nd6 Rxe7 21.Nxc8 Rxc8
22.Rad1  1-0

[Event "Lev Polugaevsky Mem"]
[Site "Samara RUS"]
[Date "2011.07.10"]
[Round "6"]
[White "Zernyshkin,V"]
[Black "Chuprov,D"]
[Result "1-0"]
[WhiteElo "2319"]
[BlackElo "2531"]

1.e4 d6 2.d4 Nf6 3.Nc3 c6 4.f4 Qa5 5.Bd3 e5 6.Nf3 exd4 7.Nxd4 g6 8.O-O Bg7
9.Nf3 O-O 10.Qe1 Qc7 11.f5 Nbd7 12.Qh4 d5 13.exd5 Nxd5 14.Nxd5 cxd5 15.c3 Re8
16.Bh6 Bxh6 17.Qxh6 Qc5+ 18.Kh1 Qf8 19.Qh4 Qg7 20.Ng5 h6 21.fxg6 fxg6 22.Rf7 hxg5
23.Rxg7+ Kxg7 24.Qxg5 Re6 25.Qxd5 Nf6 26.Qg5 Nd7 27.Bc4 Re5 28.Qd8 Re4 29.Qg8+ Kh6
30.Bd3 Rg4 31.h3 Rg3 32.Qh8+ Kg5 33.h4+ Kg4 34.Qd4+ Kh5 35.Be2+  1-0

[Event "XXXIV Open"]
[Site "Barbera del Valles ESP"]
[Date "2011.07.11"]
[Round "8"]
[White "Obon Temprano,S"]
[Black "Cruz Ravina,F"]
[Result "0-1"]
[WhiteElo "2255"]
[BlackElo "2399"]

1.e4 d6 2.d4 Nf6 3.Nc3 e5 4.dxe5 dxe5 5.Qxd8+ Kxd8 6.Bc4 Bb4 7.f3 Be6 8.Bxe6 Bxc3+
9.bxc3 fxe6 10.Ba3 Nc6 11.Nh3 h6 12.Nf2 Na5 13.Rb1 b6 14.Ke2 Nc4 15.Rhd1+ Ke8
16.Bc1 c5 17.Be3 Kf7 18.Nd3 Rhd8 19.Bf2 Kg8 20.Bg3 Nh5 21.Bxe5 Rxd3 22.cxd3 Nxe5
23.g3 Nf6 24.d4 Ned7 25.Ke3 Kf7 26.h3 Rc8 27.Rdc1 Ke7 28.f4 Ne8 29.Kd3 Rd8
30.d5 c4+ 31.Kxc4 Nd6+ 32.Kd4 Nc5 33.c4 Ndxe4 34.g4 exd5 35.cxd5 Nf6 36.Re1+ Kf7
37.Rbd1 Nxd5 38.Ke5 Na4 39.Rc1 Ndc3 40.f5 Nc5 41.Re3 Nd3+ 42.Rxd3 Rxd3 43.h4 Rd5+  0-1

[Event "31st Benasque Open"]
[Site "Benasque ESP"]
[Date "2011.07.11"]
[Round "5"]
[White "Saric,Iv"]
[Black "Neelotpal,D"]
[Result "1/2-1/2"]
[WhiteElo "2639"]
[BlackElo "2453"]

1.e4 d6 2.d4 Nf6 3.Nc3 e5 4.Nf3 Nbd7 5.Bc4 Be7 6.O-O O-O 7.Re1 a6 8.a4 b6
9.b3 Bb7 10.Bb2 c6 11.Bd3 g6 12.Qd2 Re8 13.Nd1 Bf8 14.dxe5 dxe5 15.Ne3 b5
16.b4 Qe7 17.Ba3 c5 18.bxc5 Nxc5 19.axb5 axb5 20.Nd5 Bxd5 21.exd5 Rxa3 22.Rxa3 Nce4
23.Bxe4 Qxa3 24.Qe2 Qc5 25.Rd1 Nh5 26.g3 Bd6 27.Nd2 Nf6 28.Bd3 b4 29.Qf3 Kg7
30.Qxf6+ Kxf6 31.Ne4+ Ke7 32.Nxc5 Bxc5 33.Ra1 Rc8 34.Ra6 Bd6 35.Ra7+ Rc7
36.Rxc7+ Bxc7 37.Kf1 Kd6 38.Bc4 f5 39.Ke2 Bb6 40.Bb3 e4 41.h3 Ke5 42.f3 Bc7
43.Ke3 Bb6+ 44.Ke2 g5 45.fxe4 fxe4 46.h4 g4 47.Ba4 Kxd5 48.Bd7 Bc7 49.Bxg4 Bxg3
50.Bf5 Bxh4 51.Bxh7  1/2-1/2

[Event "10th Condom Open A"]
[Site "Condom FRA"]
[Date "2011.07.11"]
[Round "4.8"]
[White "Verlinde,T"]
[Black "Maenhout,T"]
[Result "1/2-1/2"]
[WhiteElo "2207"]
[BlackElo "2365"]

1.e4 d6 2.d4 Nf6 3.Nc3 c6 4.Nf3 Bg4 5.Be3 e6 6.Bd3 d5 7.h3 Bh5 8.O-O Be7
9.e5 Nfd7 10.g4 Bg6 11.Ne2 c5 12.c3 Nc6 13.Nf4 Qb6 14.Qd2 a5 15.b3 cxd4 16.cxd4 Ba3
17.h4 Rc8 18.h5 Bxd3 19.Nxd3 h6 20.Kg2 Ndb8 21.Nfe1 Na6 22.Nc2 Bb4 23.Ncxb4 Ncxb4
24.Rfc1 Kd7 25.a3 Rxc1 26.Rxc1 Nc6 27.b4 Ra8 28.Rb1 axb4 29.axb4 Qb5 30.Ra1 Rc8
31.Qe2 Ncxb4 32.Qf3 Ke8 33.Ne1 Rc3 34.g5 hxg5 35.Qg4 Nc6 36.Qxg5 Ne7 37.Bd2 Rc8
38.Qxg7 Qb2 39.Rd1 Qxd4 40.Nf3 Qe4 41.h6 Qg6+ 42.Bg5 Kd7 43.Qf6 Qxf6 44.Bxf6 Ng6
45.h7 Nc7 46.Rh1 Ne8 47.h8=Q Nxh8 48.Rxh8 Rc4 49.Rf8 d4 50.Rxf7+ Kc6 51.Bd8 d3
52.Re7 Rg4+ 53.Kf1 Rg8 54.Ke1 b5 55.Kd2 Rf8 56.Nd4+ Kd5 57.Nxb5 Kxe5 58.Kxd3  1/2-1/2

[Event "St Pauli Open"]
[Site "Hamburg GER"]
[Date "2011.07.11"]
[Round "4.21"]
[White "Kramer,Julian"]
[Black "Lindinger,M"]
[Result "1/2-1/2"]
[WhiteElo "1926"]
[BlackElo "2332"]

1.e4 d6 2.d4 Nf6 3.Nc3 Nbd7 4.f4 e5 5.Nf3 exd4 6.Qxd4 Nc5 7.Be3 Be7 8.Bc4 O-O
9.O-O c6 10.a4 a5 11.Rad1 Qb6 12.e5 dxe5 13.fxe5 Ng4 14.Bg5 Bxg5 15.Nxg5 Nxe5
16.Nxf7 Nxc4 17.Nh6+ gxh6 18.Rxf8+ Kxf8 19.Qh8+ Ke7 20.Qg7+ Ke8 21.Qg8+ Ke7
22.Qg7+ Ke8 23.Qg8+ Ke7 24.Qg7+  1/2-1/2

[Event "21st Heart of Finland"]
[Site "Jyvaskyla FIN"]
[Date "2011.07.11"]
[Round "1"]
[White "Kilpela,P"]
[Black "Porrasmaa,T"]
[Result "0-1"]
[WhiteElo "2077"]
[BlackElo "2121"]

1.e4 d6 2.d4 Nf6 3.Nc3 e5 4.Nf3 Nbd7 5.Bc4 Be7 6.O-O O-O 7.Qe2 exd4 8.Nxd4 Ne5
9.Bb3 c5 10.Nf5 Bxf5 11.exf5 Qd7 12.f4 Nc6 13.Nd5 Rfe8 14.c3 Na5 15.Qd3 c4
16.Bxc4 Nxc4 17.Qxc4 Qxf5 18.Ne3 Qd7 19.Bd2 d5 20.Qd3 Bc5 21.Kh1 Re4 22.Rad1 Rae8
23.Rf3 h5 24.h3 Qe6 25.Nc2 Bb6 26.Nd4 Bxd4 27.cxd4 h4 28.f5 Qb6 29.Bc3 Nh5
30.Qd2 Ng3+ 31.Kg1 Qf6 32.Qd3 Ne2+ 33.Kf2 Nf4  0-1

[Event "XX Adolf Anderssen Memorial Open"]
[Site "Wroclaw POL"]
[Date "2011.07.11"]
[Round "4"]
[White "Kislinsky,A"]
[Black "Voloshin,L"]
[Result "1-0"]
[WhiteElo "2521"]
[BlackElo "2411"]

1.e4 d6 2.d4 Nf6 3.Nc3 e5 4.Nf3 Nbd7 5.Bc4 Be7 6.O-O O-O 7.Re1 c6 8.a4 b6
9.Ba2 a6 10.h3 Ne8 11.Ne2 Bb7 12.Ng3 g6 13.Bh6 Ng7 14.c3 Bf6 15.a5 b5 16.b4 c5
17.Qd2 c4 18.Rad1 Qe7 19.dxe5 Nxe5 20.Nd4 Nd3 21.Re3 Rfe8 22.Bb1 Ne5 23.f4 Rad8
24.Bxg7 Bxg7 25.Ndf5 gxf5 26.Nxf5 Qe6 27.fxe5 Bxe5 28.Rf1 Kh8 29.Ref3 Qg6
30.Ne3 Bxe4 31.Bxe4 Qxe4 32.Nd5 f6 33.Kh1  1-0

[Event "XX Adolf Anderssen Memorial Open"]
[Site "Wroclaw POL"]
[Date "2011.07.11"]
[Round "8"]
[White "Dworakowska,J"]
[Black "Voloshin,L"]
[Result "0-1"]
[WhiteElo "2306"]
[BlackElo "2411"]

1.e4 d6 2.d4 Nf6 3.Nc3 e5 4.Nf3 Nbd7 5.Bc4 Be7 6.O-O O-O 7.a4 a5 8.h3 c6
9.Ba2 h6 10.Nh4 exd4 11.Qxd4 d5 12.e5 Nxe5 13.Bxh6 gxh6 14.Qxe5 Qd6 15.Qe2 Re8
16.Rad1 Qf4 17.g3 Qg5 18.Kg2 Bd6 19.Qf3 Nh5 20.Rd4 Be5 21.Rfd1 Bxd4 22.Rxd4 Ng7
23.Nxd5 cxd5 24.Rxd5 Qe7 25.Re5 Be6 26.Qe3 Qf6 27.Bb1 Qxe5 28.Qxe5 Bxh3+
29.Kxh3 Rxe5 30.Ng2 Kf8 31.Nf4 Re1 32.Ba2 Ne6 33.Nd5 Rd8 34.Bb3 Rxd5 35.Bxd5 Re2  0-1

[Event "SPA Open A"]
[Site "Amsterdam NED"]
[Date "2011.07.12"]
[Round "4"]
[White "Pruijssers,R"]
[Black "Reinderman,D"]
[Result "1-0"]
[WhiteElo "2461"]
[BlackElo "2618"]

1.e4 d6 2.d4 Nf6 3.Nc3 e5 4.Nf3 Nbd7 5.Bc4 Be7 6.O-O O-O 7.Re1 c6 8.a4 a5
9.h3 Nb6 10.Bf1 exd4 11.Nxd4 d5 12.e5 Ne8 13.Nce2 g6 14.Bh6 Ng7 15.Nf4 c5
16.Nb5 Re8 17.g4 Ne6 18.Bg2 Nxf4 19.Bxf4 Be6 20.b3 Qd7 21.Qf3 c4 22.Nd6 Reb8
23.Rad1 cxb3 24.cxb3 Qd8 25.Qe3 Ra6 26.Qd4 Qc7 27.Rc1 Qd8 28.Rc2 Bf8 29.Rec1 Bg7
30.Qd2 Raa8 31.Rc7 Qf8 32.R1c5 Nd7 33.Rxd5 Qd8 34.Qc3 Bxd5 35.Bxd5 Nb6 36.Bxf7+ Kh8
37.Be6 Qf8 38.Be3 Re8 39.Nf7+ Kg8 40.Ng5+  1-0

[Event "St Pauli Open"]
[Site "Hamburg GER"]
[Date "2011.07.12"]
[Round "5.45"]
[White "Steingraeber,Kai-Uwe"]
[Black "Lehmkuhl,S"]
[Result "1-0"]
[WhiteElo "2104"]
[BlackElo "1903"]

1.e4 d6 2.d4 Nf6 3.Nc3 c6 4.f4 Qa5 5.Bd3 e5 6.Nf3 Bg4 7.dxe5 dxe5 8.fxe5 Bxf3
9.gxf3 Qxe5 10.f4 Qd4 11.Qf3 Bc5 12.Bd2 Nbd7 13.O-O-O Qf2 14.Qh3 Qd4 15.Rhe1 O-O-O
16.a3 Ne8 17.e5 Bxa3 18.bxa3 Qc5 19.Kb2 Nc7 20.Be3 Qa5 21.Bf5 Nd5 22.Nxd5 cxd5
23.Bd4 g6 24.Bxd7+ Rxd7 25.e6 Qb5+ 26.Ka1  1-0

[Event "St Pauli Open"]
[Site "Hamburg GER"]
[Date "2011.07.12"]
[Round "5.37"]
[White "Frey,Al"]
[Black "Preuss,F"]
[Result "1-0"]
[WhiteElo "2095"]
[BlackElo "1991"]

1.e4 d6 2.d4 Nf6 3.Nc3 e5 4.Nf3 Nbd7 5.Bc4 Be7 6.O-O O-O 7.Re1 c6 8.a4 a5
9.b3 h6 10.Bb2 exd4 11.Nxd4 Ne5 12.Bf1 Ng6 13.Qd2 Qb6 14.Kh1 Qc5 15.Ba3 Qg5
16.Qxg5 hxg5 17.Nf5 Bxf5 18.exf5 Ne5 19.Rxe5 dxe5 20.Bxe7 Rfe8 21.Bc5 Rad8
22.Be3 Ng4 23.Bb6 Rd2 24.Bd3 Nxf2+ 25.Bxf2 Rxf2 26.Ne4 Rxf5 27.Nd6 e4 28.Nxf5 exd3
29.cxd3 Re2 30.Nd6 Rb2 31.Nxb7 Rxb3 32.Nxa5 Rxd3 33.Nxc6 Rc3 34.Nd4 g4 35.a5 Rd3
36.a6 Rxd4 37.a7 Rd1+ 38.Rxd1  1-0

[Event "10th Condom Open A"]
[Site "Condom FRA"]
[Date "2011.07.13"]
[Round "6.7"]
[White "Wohl,A"]
[Black "Gertosio,F"]
[Result "1-0"]
[WhiteElo "2405"]
[BlackElo "2202"]

1.e4 d6 2.d4 Nf6 3.Nc3 e5 4.Nge2 Nbd7 5.h3 Be7 6.g4 h6 7.Bg2 g5 8.b3 c6 9.Bb2 Nh7
10.Qd2 Nhf8 11.Nd1 Ng6 12.Ne3 Bf6 13.Nf5 Nh4 14.Nxd6+ Kf8 15.O-O exd4 16.f4 c5
17.e5 Bg7 18.e6 Nf6 19.Nxf7  1-0

[Event "Oberwart Open"]
[Site "Oberwart AUT"]
[Date "2011.07.13"]
[Round "5"]
[White "Radnetter,G"]
[Black "Bader,Gerd"]
[Result "1-0"]
[WhiteElo "2257"]
[BlackElo "2018"]

1.e4 d6 2.d4 Nf6 3.Nc3 Nbd7 4.Nf3 e5 5.Bc4 Be7 6.O-O O-O 7.Re1 c6 8.a4 b6
9.Ba2 a6 10.h3 Bb7 11.dxe5 dxe5 12.Nh4 b5 13.Bg5 b4 14.Nb1 h6 15.Bxf6 Nxf6
16.Ng6 Re8 17.Nxe5 Qc7 18.Nxf7 Kh7 19.e5 Nd5 20.c4 Nb6 21.c5 Nd5 22.Qc2+ g6
23.Nd6 Rf8 24.Bxd5 cxd5 25.Nd2 Bc8 26.Nb3 Bf5 27.Nxf5 Rxf5 28.Nd4 Rxe5 29.Ne6 Rxe1+
30.Rxe1 Qc6 31.Nf4 Bf8 32.Re6 Qxc5 33.Qxg6+ Kh8 34.Qf7 Bg7 35.Rxh6+  1-0

[Event "3rd International Open"]
[Site "Rethymno GRE"]
[Date "2011.07.13"]
[Round "4"]
[White "Faibisovich,V"]
[Black "Valenti,G"]
[Result "1-0"]
[WhiteElo "2409"]
[BlackElo "2144"]

1.e4 d6 2.d4 Nf6 3.Nc3 e5 4.Nf3 Nbd7 5.Bc4 Be7 6.O-O O-O 7.Re1 c6 8.a4 a5
9.h3 h6 10.Be3 Re8 11.Qd3 Bf8 12.Ba2 Qc7 13.Rad1 b6 14.Qc4 Re7 15.Nb5 Qb8
16.Qxc6 Bb7 17.Qxd6 exd4 18.Nfxd4 Rxe4 19.Qxb8 Rxb8 20.f3 Ree8 21.Bf4 Rbc8
22.Nd6 Bxd6 23.Bxd6 Bd5 24.Bxd5 Nxd5 25.Rxe8+ Rxe8 26.Nf5 N7f6 27.Kf2 Rc8
28.c3 Rc4 29.Rd4 Rxd4 30.Nxd4 Ne8 31.Bb8 f6 32.Nc6 Kf7 33.c4 Ne7 34.Nxe7 Kxe7
35.Ke3 Kd7 36.Kd4 Kc6 37.g4 g6 38.Bf4 g5 39.Be3 Nd6 40.b3 Nf7 41.Kd3 Nd6
42.Bd4 f5 43.Bg7 fxg4 44.hxg4 Nf7 45.Ke4 Kd6 46.Bd4  1-0

[Event "Lev Polugaevsky Mem"]
[Site "Samara RUS"]
[Date "2011.07.13"]
[Round "9"]
[White "Galimzianova,A"]
[Black "Kalashnikova,El"]
[Result "1-0"]
[WhiteElo "1942"]
[BlackElo "1635"]

1.e4 c6 2.d4 d6 3.Nc3 Nf6 4.g3 e5 5.Nge2 Be7 6.Bg2 O-O 7.O-O Bg4 8.Be3 Nbd7
9.h3 Bxe2 10.Nxe2 Qc7 11.c3 Rfd8 12.f4 Qb6 13.Qd2 Qc7 14.g4 Nb6 15.b3 Nfd7
16.Ng3 g6 17.f5 Bh4 18.Bf2 exd4 19.cxd4 Re8 20.g5 c5 21.Qf4 Bxg3 22.Bxg3 cxd4
23.Qh4 Rec8 24.Qh6 Qd8 25.Bxd6 Nf8 26.Be5 f6 27.gxf6 Qd7 28.fxg6 Nxg6 29.f7+ Qxf7
30.Rxf7 Kxf7 31.Qxh7+  1-0

[Event "SPA Open A"]
[Site "Amsterdam NED"]
[Date "2011.07.14"]
[Round "6"]
[White "Timmermans,I"]
[Black "Reinderman,D"]
[Result "1/2-1/2"]
[WhiteElo "2232"]
[BlackElo "2618"]

1.e4 d6 2.d4 Nf6 3.Nc3 e5 4.Nf3 Nbd7 5.Bc4 Be7 6.O-O O-O 7.Re1 c6 8.a4 a5
9.h3 Nb6 10.Bf1 exd4 11.Nxd4 d5 12.e5 Ne8 13.Nce2 g6 14.Bh6 Ng7 15.b3 Re8
16.Qd2 Nd7 17.Bf4 Nc5 18.Rad1 Bd7 19.f3 Nh5 20.Bh2 Bh4 21.g3 Be7 22.g4 Ng7
23.Bg2 f6 24.Bf4 Nce6 25.Bg3 fxe5 26.Bxe5 Bh4 27.Rf1 Nxd4 28.Qxd4 Ne6 29.Qc3 Qe7
30.Nd4 Nd8 31.f4 Nf7 32.Nf3 Nxe5 33.fxe5 Bg3 34.Kh1 b6 35.Qe3 Rab8 36.Rd2 Bc8
37.Nd4 Qxe5 38.Qxe5 Bxe5 39.Nxc6 Ba6 40.Bxd5+ Kh8 41.c4 Rbc8 42.Nxe5 Rxe5
43.Rdf2 Rxd5 44.cxd5 Bxf1 45.Rxf1 Kg7 46.Kg2 Rc3 47.Rf3 Rc2+ 48.Rf2 Rxf2+
49.Kxf2 Kf6 50.Ke3 Ke5 51.d6 Kxd6 52.Kd4 g5 53.Kc4 Kc6 54.b4 axb4 55.Kxb4 Kd6
56.Kb5 Kc7 57.Kc4 Kc6 58.Kb4 Kd6  1/2-1/2

[Event "Open ch-SVK A"]
[Site "Banska Stiavnica SVK"]
[Date "2011.07.14"]
[Round "6"]
[White "Lukac,R"]
[Black "Kochetkova,J"]
[Result "1-0"]
[WhiteElo "2148"]
[BlackElo "2319"]

1.e4 d6 2.d4 Nf6 3.Nc3 e5 4.dxe5 dxe5 5.Qxd8+ Kxd8 6.Bc4 Ke8 7.Nf3 Bd6 8.Bg5 Nbd7
9.O-O a6 10.a4 h6 11.Be3 Ng4 12.Bd2 Nc5 13.b4 Nd7 14.Rab1 Nb6 15.Bb3 Be6
16.Nd5 Nf6 17.Rfe1 Nbd7 18.c4 c6 19.Nxf6+ gxf6 20.c5 Bc7 21.a5 Ke7 22.Nh4 Bxb3
23.Rxb3 h5 24.Nf5+ Ke6 25.Rh3 Rag8 26.Rd1 Rg4 27.f3 Rg6 28.g4 Rd8 29.Rxh5 Rgg8
30.Kf2 Nf8 31.Ke2 Ng6 32.h4 Nf4+ 33.Bxf4 exf4 34.Nd4+ Ke7 35.Nf5+ Ke6 36.Nd4+ Ke7
37.Rh7 Be5 38.Nf5+ Ke6 39.Ng7+ Ke7 40.Nf5+ Ke6 41.Rg7 Rh8 42.Rxd8 Rxd8 43.h5 Bc3
44.h6 Bxb4 45.Nd6 Bc3 46.h7 Rh8 47.Rxf7 Bd4 48.Rxb7 Bxc5 49.Nf7  1-0

[Event "ch-Central Serbia Int Open A"]
[Site "Paracin SRB"]
[Date "2011.07.14"]
[Round "8.29"]
[White "Sarenac,D"]
[Black "Suc,T"]
[Result "0-1"]
[WhiteElo "2315"]
[BlackElo "2025"]

1.e4 d6 2.d4 Nf6 3.Nc3 e5 4.Nf3 Nbd7 5.g4 Nxg4 6.Rg1 Ngf6 7.Bc4 h6 8.Be3 c6
9.dxe5 dxe5 10.Qe2 b5 11.Bb3 Qa5 12.O-O-O Ba6 13.Nd2 b4 14.Nc4 bxc3 15.Rxg7 Bxg7
16.Rxd7 Nxd7 17.Nd6+ Kd8 18.Qg4 Kc7 19.Nf5 Bf6 20.Qd1 Rad8 21.Bxa7 Nc5  0-1

[Event "34th Aegean Open"]
[Site "Aghios Kirykos GRE"]
[Date "2011.07.15"]
[Round "8"]
[White "Antoniadis,K"]
[Black "Lagopatis,N"]
[Result "0-1"]
[WhiteElo "1852"]
[BlackElo "2181"]

1.e4 d6 2.d4 Nf6 3.Nc3 Nbd7 4.Bc4 e5 5.Nf3 Be7 6.g4 O-O 7.h3 c6 8.Bb3 a5
9.Be3 a4 10.dxe5 dxe5 11.Bc4 Qa5 12.Nd2 a3 13.Rb1 axb2 14.Ne2 Nxe4 15.O-O Nc3
16.Nxc3 Qxc3 17.Bd3 Rxa2 18.g5 b5 19.Ne4 Qa3 20.Ng3 Re8 21.Bxh7+ Kxh7 22.Qh5+ Kg8
23.Nf5 Nf8 24.Nh6+ gxh6 25.gxh6 Ng6 26.Kh2 Kh7 27.Rg1 Rg8 28.Rg3 Ra1 29.Bd4 Qxg3+  0-1

[Event "SPA Open A"]
[Site "Amsterdam NED"]
[Date "2011.07.15"]
[Round "7"]
[White "Horvath,Cs1"]
[Black "Lenderman,A"]
[Result "0-1"]
[WhiteElo "2517"]
[BlackElo "2525"]

1.d4 d6 2.e4 Nf6 3.Nc3 e5 4.Nge2 c6 5.f3 Qb6 6.a4 Nbd7 7.a5 Qc7 8.d5 cxd5
9.exd5 a6 10.Ng3 b5 11.axb6 Nxb6 12.Nge4 Be7 13.Nxf6+ Bxf6 14.Bd3 Bb7 15.Ne4 Bh4+
16.g3 Be7 17.c4 O-O 18.Bd2 f5 19.Nf2 Qc5 20.Ra5 Qc8 21.Qc2 g6 22.O-O Nd7
23.b4 Bd8 24.Ra3 Bb6 25.Kg2 Rf7 26.Nh3 Re7 27.Ng5 Nf6 28.Ne6 e4 29.fxe4 Rxe6
30.dxe6 fxe4 31.Be2 e3+ 32.Bf3 exd2 33.Qxd2 Ne4 34.Qc2 Ng5  0-1

[Event "31st Benasque Open"]
[Site "Benasque ESP"]
[Date "2011.07.15"]
[Round "9"]
[White "Oleksienko,M"]
[Black "Neelotpal,D"]
[Result "1-0"]
[WhiteElo "2564"]
[BlackElo "2453"]

1.e4 d6 2.d4 Nf6 3.Nc3 e5 4.dxe5 dxe5 5.Qxd8+ Kxd8 6.Bc4 Ke8 7.Nf3 Bd6 8.Bg5 Nbd7
9.O-O-O h6 10.Bh4 a6 11.a4 Kf8 12.Nd2 g6 13.f3 Kg7 14.a5 Bb4 15.Nb3 Bxc3
16.bxc3 Re8 17.Rd2 Nf8 18.Rhd1 Be6 19.Bf1 N6d7 20.Kb2 f6 21.c4 Nb8 22.Kc3 Nc6
23.Ra1 Rad8 24.Be2 Rxd2 25.Nxd2 Rd8 26.Nf1 Nd4 27.Bd3 Bc8 28.Ne3 Nfe6 29.Nd5 g5
30.Bf2 Kf7 31.Bf1 h5 32.h4 g4 33.fxg4 hxg4 34.Bd3 c6 35.Nb6 Nf4 36.Nxc8 Rxc8
37.g3 Nfe6 38.Rb1 Rc7 39.c5 Rd7 40.Kc4 Kg6 41.Rd1 Rd8 42.c3 Nb5 43.Kb3 Ng7
44.Kc2 Ne6 45.Ra1 Na7 46.Be2 Kh5 47.Be3 Ng7 48.Rf1 Rf8 49.Rd1 Rf7 50.Rd8 Kg6
51.Bxg4 f5 52.h5+ Nxh5 53.exf5+ Rxf5 54.Bxf5+ Kxf5 55.c4  1-0